[Event "Rijeka Paris Memorial 39th"]
[Site "Rijeka"]
[Date "2018.11.06"]
[Round "6"]
[White "Stojnic, Damir"]
[Black "Cabrijan, Ivan"]
[Result "0-1"]
[WhiteElo "1428"]
[BlackElo "1670"]
[PlyCount "120"]
[EventDate "2018.11.02"]
[EventType "swiss"]
[EventRounds "9"]
[EventCountry "CRO"]
[SourceTitle "CBM 187 Extra"]
[Source "ChessBase"]
[SourceDate "2018.11.04"]
[SourceVersion "1"]
[SourceVersionDate "2018.11.04"]
[SourceQuality "1"]

1. e4 c5 2. Nf3 g6 3. d4 Bg7 4. dxc5 Qa5+ 5. Nc3 Qxc5 6. Bd2 e6 7. Bd3 Nc6 8. a3 a6 9. 0-0 Nge7 10. Rb1 b5 11. Re1 Bb7 12. Be3 Nd4 13. Nxd4 Bxd4 14. Bxd4 Qxd4 15. Kh1 0-0 16. Qg4 Qxf2 17. Rf1 Qd4 18. Rf3 f5 19. Qg5 Qg7 20. Re1 Rae8 21. Rf4 h6 22. Qg3 g5 23. Rff1 f4 24. Qg4 Ng6 25. Qe2 Rf7 26. e5 Ref8 27. Be4 Bc8 28. Bxg6 Qxg6 29. Ne4 Re7 30. Qd3 Kg7 31. Qd6 Ref7 32. Nf6 Qxc2 33. Rc1 Qxb2 34. Rc7 Qe2 35. Rfc1 f3 36. gxf3 Qxf3+ 37. Kg1 Bb7 38. Rxb7 Qxb7 39. Qd3 Rxf6 40. exf6+ Rxf6 41. Qd6 Qd5 42. Qb4 Rf4 43. Qe7+ Rf7 44. Qb4 e5 45. Qe1 Qd4+ 46. Kg2 Rf4 47. h3 Qe4+ 48. Qxe4 Rxe4 49. Kf3 Rd4 50. Ke3 a5 51. Rc5 Ra4 52. Rxb5 Rxa3+ 53. Ke4 d6 54. Kf5 Rxh3 55. Rxa5 Rf3+ 56. Ke6 Rf6+ 57. Kd5 Kg6 58. Ra8 g4 59. Ke4 Kg5 60. Rg8+ Kh4 0-1

[Event "Rijeka Paris Memorial 39th"]
[Site "Rijeka"]
[Date "2018.11.03"]
[Round "2"]
[White "Cabrijan, Ivan"]
[Black "Hocevar, Tim"]
[Result "1/2-1/2"]
[WhiteElo "1670"]
[BlackElo "1212"]
[PlyCount "138"]
[EventDate "2018.11.02"]
[EventType "swiss"]
[EventRounds "9"]
[EventCountry "CRO"]
[SourceTitle "CBM 187 Extra"]
[Source "ChessBase"]
[SourceDate "2018.11.04"]
[SourceVersion "1"]
[SourceVersionDate "2018.11.04"]
[SourceQuality "1"]

1. e4 c5 2. Nf3 Nc6 3. Nc3 Nf6 4. d3 d6 5. h3 e5 6. a3 h6 7. Be3 Be6 8. Be2 Be7 9. Nh2 Nd4 10. 0-0 0-0 11. f4 exf4 12. Bxf4 Qb6 13. Rb1 c4 14. Kh1 Nxe2 15. Qxe2 cxd3 16. cxd3 Rfe8 17. Be3 Qa5 18. d4 Qh5 19. Qxh5 Nxh5 20. Rf3 Nf6 21. Rbf1 d5 22. e5 Nh7 23. Ng4 Bg5 24. Bxg5 Nxg5 25. Rf4 Rad8 26. h4 Nh7 27. Ne3 a6 28. Na4 Rf8 29. Nc5 Rb8 30. b4 g5 31. hxg5 hxg5 32. R4f2 b6 33. Nxa6 Ra8 34. b5 Rfc8 35. Rc2 Rxc2 36. Nxc2 Bg4 37. Ncb4 Be2 38. Re1 Bxb5 39. Nc7 Rxa3 40. Nbxd5 Ba4 41. Nxb6 g4 42. d5 Nf8 43. Nxa4 Rxa4 44. Kh2 Ra7 45. d6 Ra3 46. Nd5 g3+ 47. Kh3 Rd3 48. Nf6+ Kg7 49. Nh5+ Kh6 50. Nxg3 Kg5 51. Kh2 Rd5 52. Nf1 Kf4 53. g3+ Kf3 54. Kh3 Kf2 55. Ne3 Rxe5 56. Ng4+ Kxe1 57. Nxe5 f6 58. Ng4 Nd7 59. Ne3 Ke2 60. Nf5 Kf3 61. Nh6 Ke4 62. g4 Ke5 63. Nf5 Ke6 64. Kh4 Kf7 65. Kh5 Nb8 66. Kh6 Nd7 67. g5 fxg5 68. Kxg5 Ke6 69. Kf4 Nc5 1/2-1/2

[Event "Rijeka Paris Memorial 39th"]
[Site "Rijeka"]
[Date "2018.11.02"]
[Round "1"]
[White "Res, Ivica"]
[Black "Cabrijan, Ivan"]
[Result "1-0"]
[WhiteElo "2097"]
[BlackElo "1670"]
[PlyCount "115"]
[EventDate "2018.11.02"]
[EventType "swiss"]
[EventRounds "9"]
[EventCountry "CRO"]
[SourceTitle "CBM 187 Extra"]
[Source "ChessBase"]
[SourceDate "2018.11.04"]
[SourceVersion "1"]
[SourceVersionDate "2018.11.04"]
[SourceQuality "1"]

1. c4 Nf6 2. g3 g6 3. Bg2 Bg7 4. Nc3 c6 5. e4 d6 6. Nge2 e5 7. d3 Nbd7 8. 0-0 h6 9. h3 Qc7 10. Be3 Nf8 11. Qd2 Be6 12. Rac1 Qd7 13. Kh2 g5 14. f4 Qe7 15. b3 b6 16. d4 Rd8 17. d5 Bd7 18. dxc6 Bxc6 19. fxg5 hxg5 20. Bxg5 N8h7 21. Bh4 Qe6 22. Nd5 Bxd5 23. cxd5 Qd7 24. Rc6 0-0 25. Qb4 a5 26. Qxb6 Rb8 27. Qxa5 Ra8 28. Qd2 Ra7 29. Nc3 Rfa8 30. a4 Qd8 31. Nb5 Rd7 32. Qb4 Rb8 33. Rxd6 Rxd6 34. Qxd6 Qxd6 35. Nxd6 Rxb3 36. a5 Ra3 37. Nb7 Ra2 38. d6 Nd7 39. Rc1 Nhf6 40. Rc7 Kh7 41. Bxf6 Nxf6 42. Rxf7 Rd2 43. a6 Kg6 44. a7 Ra2 45. d7 Nxd7 46. Rxd7 Rxa7 47. Nc5 Rxd7 48. Nxd7 Kg5 49. Bf3 Kg6 50. h4 Kh6 51. g4 Kg6 52. g5 Bh8 53. Kh3 Bg7 54. Kg4 Bh8 55. h5+ Kf7 56. Kf5 Kg7 57. Nxe5 Kh7 58. h6 1-0

[Event "Mediterranean op 7th"]
[Site "Rijeka"]
[Date "2014.11.12"]
[Round "6"]
[White "Cabrijan, Ivan"]
[Black "Haidinger, Erik"]
[Result "1-0"]
[WhiteElo "1733"]
[BlackElo "1379"]
[PlyCount "57"]
[EventDate "2014.11.08"]
[EventType "swiss"]
[EventRounds "9"]
[EventCountry "CRO"]
[SourceTitle "CBM 163 Extra"]
[Source "ChessBase"]
[SourceDate "2014.12.23"]
[SourceVersion "1"]
[SourceVersionDate "2014.12.23"]
[SourceQuality "1"]

1. e4 c6 2. Nc3 d5 3. exd5 cxd5 4. d4 e6 5. Nf3 Nf6 6. Bd3 Be7 7. 0-0 0-0 8. Ne2 Bd7 9. c3 Nc6 10. Be3 h6 11. h3 Rc8 12. Qb3 Qc7 13. Qd1 Na5 14. Bf4 Bd6 15. Bxd6 Qxd6 16. Ne5 Nc6 17. Nxd7 Nxd7 18. Bc2 Rfe8 19. f4 Na5 20. f5 exf5 21. Rxf5 Nc4 22. Rf3 Nxb2 23. Qf1 Qe6 24. Nf4 Qd6 25. Rb1 Nc4 26. Qd3 Re4 27. Nxd5 Re6 28. Qh7+ Kf8 29. Qh8# 1-0

[Event "Rijeka Liburnija op 05"]
[Site "Rijeka"]
[Date "2014.05.26"]
[Round "8"]
[White "Cabrijan, Ivan"]
[Black "Muslija, Idris"]
[Result "0-1"]
[WhiteElo "1691"]
[BlackElo "2268"]
[PlyCount "59"]
[EventDate "2014.05.20"]
[EventType "swiss"]
[EventRounds "9"]
[EventCountry "CRO"]
[SourceTitle "CBM 160 Extra"]
[Source "ChessBase"]
[SourceDate "2014.07.01"]
[SourceVersion "1"]
[SourceVersionDate "2014.07.01"]
[SourceQuality "1"]

1. e4 c5 2. Nf3 e6 3. Nc3 Nc6 4. Bb5 Nge7 5. Be2 d5 6. e5 a6 7. d4 cxd4 8. Nxd4 Nxe5 9. f4 N5c6 10. 0-0 Nxd4 11. Qxd4 Nf5 12. Qf2 Qc7 13. Kh1 Bc5 14. Qe1 d4 15. Nd1 b5 16. Bd3 0-0 17. g4 Bb7+ 18. Be4 Ne3 19. Nxe3 Bxe4+ 20. Ng2 f5 21. Bd2 Qc6 22. Rg1 fxg4 23. Qg3 Bf3 24. b4 Bd6 25. Raf1 Rf6 26. Qf2 Qd5 27. c3 dxc3 28. Bxc3 Rxf4 29. Qb2 Raf8 30. Re1 0-1

[Event "Rijeka Liburnija op 05"]
[Site "Rijeka"]
[Date "2014.05.25"]
[Round "7"]
[White "Muskardin, Mario"]
[Black "Cabrijan, Ivan"]
[Result "1-0"]
[WhiteElo "2231"]
[BlackElo "1691"]
[PlyCount "85"]
[EventDate "2014.05.20"]
[EventType "swiss"]
[EventRounds "9"]
[EventCountry "CRO"]
[SourceTitle "CBM 160 Extra"]
[Source "ChessBase"]
[SourceDate "2014.07.01"]
[SourceVersion "1"]
[SourceVersionDate "2014.07.01"]
[SourceQuality "1"]

1. Nf3 Nc6 2. e4 e5 3. Bc4 Be7 4. d4 exd4 5. c3 d6 6. cxd4 Nf6 7. Nc3 0-0 8. 0-0 h6 9. h3 Nh7 10. Nd5 Bg5 11. Nf4 Kh8 12. Nxg5 Nxg5 13. Qh5 Nxe4 14. Bxf7 Ne7 15. Ng6+ Nxg6 16. Bxh6 Nf6 17. Bxg7+ Kxg7 18. Qxg6+ Kh8 19. Qh6+ Nh7 20. Bg6 Qe7 21. Bxh7 Qg7 22. Qxg7+ Kxg7 23. Be4 Bd7 24. Rfe1 c6 25. Re3 Rf4 26. Bc2 Rd8 27. Re4 Rxe4 28. Bxe4 Re8 29. Bd3 Kf6 30. f3 Re3 31. Rd1 Re7 32. Kf2 Rg7 33. f4 Be6 34. a3 Bd5 35. g4 Rg8 36. g5+ Ke7 37. h4 Rh8 38. Kg3 Bf7 39. f5 Kd7 40. g6 Bd5 41. f6 Ke6 42. Rf1 Kd7 43. f7 1-0

[Event "Rijeka Liburnija op"]
[Site "Rijeka"]
[Date "2014.01.21"]
[Round "6"]
[White "Cabrijan, Ivan"]
[Black "Batory, Lucija"]
[Result "1-0"]
[WhiteElo "1706"]
[BlackElo "1602"]
[PlyCount "117"]
[EventDate "2014.01.17"]
[EventType "swiss"]
[EventRounds "9"]
[EventCountry "CRO"]
[SourceTitle "CBM 158 Extra"]
[Source "ChessBase"]
[SourceDate "2014.02.28"]
[SourceVersion "1"]
[SourceVersionDate "2014.02.28"]
[SourceQuality "1"]

1. e4 c5 2. Nf3 Nc6 3. Nc3 g6 4. d4 cxd4 5. Nxd4 Bg7 6. Nxc6 bxc6 7. Qf3 d6 8. Bc4 Nf6 9. 0-0 Bg4 10. Qd3 0-0 11. h3 Bd7 12. Bg5 Qc7 13. Qd2 Rfc8 14. Bd3 Be6 15. Rab1 d5 16. exd5 cxd5 17. Nb5 Qb7 18. c3 d4 19. Nxd4 Bxa2 20. Ra1 Bd5 21. f3 Rab8 22. Ba6 Qb6 23. Bxc8 Rxc8 24. Be3 Qb7 25. Rfe1 a6 26. Qf2 e5 27. Ne2 e4 28. f4 Qxb2 29. Rxa6 Bc4 30. Ra4 Nd5 31. Bd4 e3 32. Qf3 Bxe2 33. Qxd5 Bc4 34. Qf3 Qb5 35. Raa1 e2 36. Bxg7 Kxg7 37. Qe4 Re8 38. Qd4+ Kg8 39. Kf2 Bd3 40. Ra7 Qf5 41. Kg1 Qb5 42. Rd7 Bc4 43. Rd8 Rxd8 44. Qxd8+ Kg7 45. Qd4+ Kg8 46. Kf2 Qa6 47. g4 Qb5 48. h4 Bd3 49. Ra1 Kf8 50. Ra8+ Ke7 51. Ra7+ Ke6 52. Qe5+ Qxe5 53. fxe5 Kxe5 54. Rxf7 h6 55. Rd7 Bc4 56. Rd4 Ba6 57. Rb4 Bd3 58. Ke1 Kd5 59. Rd4+ 1-0

[Event "Rijeka Liburnija op"]
[Site "Rijeka"]
[Date "2014.01.18"]
[Round "2"]
[White "Cabrijan, Ivan"]
[Black "Uran, Erik"]
[Result "1/2-1/2"]
[WhiteElo "1706"]
[BlackElo "1523"]
[PlyCount "47"]
[EventDate "2014.01.17"]
[EventType "swiss"]
[EventRounds "9"]
[EventCountry "CRO"]
[SourceTitle "CBM 158 Extra"]
[Source "ChessBase"]
[SourceDate "2014.02.28"]
[SourceVersion "1"]
[SourceVersionDate "2014.02.28"]
[SourceQuality "1"]

1. e4 e5 2. Nf3 Nc6 3. Nc3 Nf6 4. Bc4 Nxe4 5. Bxf7+ Kxf7 6. Nxe4 d5 7. Nc3 Bg4 8. d3 Bb4 9. Ng5+ Qxg5 10. Bxg5 Bxd1 11. Rxd1 d4 12. a3 dxc3 13. axb4 cxb2 14. c3 a5 15. b5 a4 16. Kd2 Na5 17. Kc2 a3 18. Kb1 b6 19. Ka2 Nb7 20. Be3 Nd6 21. c4 Nf5 22. Bd2 Nd4 23. Rhe1 Rhe8 24. Bc3 1/2-1/2

[Event "Mediterranean op 6th"]
[Site "Rijeka"]
[Date "2013.12.05"]
[Round "7"]
[White "Cabrijan, Ivan"]
[Black "Uran, Erik"]
[Result "1-0"]
[WhiteElo "1718"]
[BlackElo "1701"]
[PlyCount "63"]
[EventDate "2013.11.30"]
[EventType "swiss"]
[EventRounds "9"]
[EventCountry "CRO"]
[SourceTitle "CBM 157 Extra"]
[Source "ChessBase"]
[SourceDate "2013.12.19"]
[SourceVersion "1"]
[SourceVersionDate "2013.12.19"]
[SourceQuality "1"]

1. e4 e5 2. Nf3 Nc6 3. Nc3 Nf6 4. Bc4 Nxe4 5. Bxf7+ Kxf7 6. Nxe4 d5 7. Neg5+ Kg8 8. d4 e4 9. Ne5 Nxe5 10. dxe5 Be7 11. f4 h6 12. Qh5 hxg5 13. Qe2 g4 14. Bd2 Bh4+ 15. Kd1 c6 16. Rf1 Bf5 17. g3 Be7 18. Be3 Rh7 19. c3 g6 20. Kc2 Kh8 21. Rad1 Qc7 22. Kb1 b6 23. h4 Rh5 24. Ka1 Rd8 25. Rd2 Kg7 26. Rfd1 Rhh8 27. Qf2 b5 28. b4 Ra8 29. Bc5 Bxc5 30. Qxc5 Rhe8 31. Rxd5 Be6 32. R5d2 1-0

[Event "Mediterranean op 6th"]
[Site "Rijeka"]
[Date "2013.12.04"]
[Round "6"]
[White "Milosevic, Bozidar"]
[Black "Cabrijan, Ivan"]
[Result "1/2-1/2"]
[WhiteElo "1734"]
[BlackElo "1718"]
[PlyCount "94"]
[EventDate "2013.11.30"]
[EventType "swiss"]
[EventRounds "9"]
[EventCountry "CRO"]
[SourceTitle "CBM 157 Extra"]
[Source "ChessBase"]
[SourceDate "2013.12.19"]
[SourceVersion "1"]
[SourceVersionDate "2013.12.19"]
[SourceQuality "1"]

1. e4 e5 2. Bc4 Nf6 3. Nc3 c6 4. a4 d6 5. h3 Be7 6. Nf3 Nbd7 7. b4 Qb6 8. Ba3 Qc7 9. Ne2 d5 10. exd5 cxd5 11. Ba2 a5 12. c3 b6 13. 0-0 Bb7 14. Re1 0-0 15. Rc1 Rad8 16. Ng3 Qb8 17. Nf5 Bd6 18. Nxd6 Qxd6 19. Qb3 Qc7 20. bxa5 Rfe8 21. axb6 Nxb6 22. Rb1 Nc4 23. Qxb7 Qxb7 24. Rxb7 Nxa3 25. Rxe5 Rxe5 26. Nxe5 Re8 27. f4 Nc4 28. Bxc4 dxc4 29. Nxf7 Ne4 30. Ne5 Nxd2 31. a5 Ne4 32. Rc7 Nxc3 33. Rxc4 Nb5 34. Rc5 Nd4 35. g3 g6 36. a6 g5 37. fxg5 Ra8 38. Rd5 Ne6 39. g6 Rxa6 40. gxh7+ Kxh7 41. Nf3 Kg6 42. h4 Ra4 43. Kg2 Ng7 44. Kh3 Ra3 45. Kg4 Ra4+ 46. Kh3 Ra3 47. Kg4 Ra4+ 1/2-1/2

[Event "Mediterranean op 6th"]
[Site "Rijeka"]
[Date "2013.12.03"]
[Round "5"]
[White "Cabrijan, Ivan"]
[Black "Bervida, Mladen"]
[Result "0-1"]
[WhiteElo "1718"]
[BlackElo "1905"]
[PlyCount "76"]
[EventDate "2013.11.30"]
[EventType "swiss"]
[EventRounds "9"]
[EventCountry "CRO"]
[SourceTitle "CBM 157 Extra"]
[Source "ChessBase"]
[SourceDate "2013.12.19"]
[SourceVersion "1"]
[SourceVersionDate "2013.12.19"]
[SourceQuality "1"]

1. e4 e5 2. Nf3 Nc6 3. Nc3 Nf6 4. Bc4 Bc5 5. 0-0 d6 6. h3 0-0 7. a3 a6 8. d3 h6 9. Nh2 b5 10. Ba2 Be6 11. Be3 Qe7 12. Bxc5 dxc5 13. Nd5 Bxd5 14. exd5 Nd4 15. c3 Nf5 16. Qf3 Nh4 17. Qe2 Ng6 18. Rae1 Rfe8 19. Qd2 Qd6 20. c4 c6 21. dxc6 Qxc6 22. Re3 Rad8 23. Qc2 Nf4 24. f3 b4 25. Rfe1 Qd6 26. Bb1 a5 27. Ng4 Nxg4 28. hxg4 Qd4 29. g3 Ne6 30. Kg2 bxa3 31. bxa3 Rb8 32. R1e2 Qa1 33. Qa4 Qxb1 34. Rxe5 Qxd3 35. f4 Nxf4+ 36. gxf4 Rxe5 37. Rxe5 Rb2+ 38. Kg1 Qg3+ 0-1

[Event "Mediterranean op 5th"]
[Site "Rijeka"]
[Date "2011.11.11"]
[Round "1"]
[White "Leskur, Dejan"]
[Black "Cabrijan, Ivan"]
[Result "1-0"]
[WhiteElo "2416"]
[BlackElo "1769"]
[PlyCount "66"]
[EventDate "2011.11.11"]
[EventType "swiss"]
[EventRounds "9"]
[EventCountry "CRO"]
[SourceTitle "EXT 2012"]
[Source "ChessBase"]
[SourceDate "2011.11.24"]
[SourceVersion "1"]
[SourceVersionDate "2011.11.24"]
[SourceQuality "1"]

1. e4 c5 2. Nf3 Nc6 3. Nc3 g6 4. d4 cxd4 5. Nxd4 Bg7 6. Be3 Nxd4 7. Bxd4 e5 8. Be3 Ne7 9. Qd2 0-0 10. 0-0-0 a6 11. Bc4 Qc7 12. Bb3 b5 13. h4 h5 14. g4 d5 15. exd5 Bxg4 16. d6 Qd7 17. dxe7 Qxe7 18. Bg5 Qa7 19. Rde1 Qb6 20. Nd5 Qd4 21. Qxd4 exd4 22. Nf6+ Bxf6 23. Bxf6 d3 24. cxd3 Rac8+ 25. Kd2 a5 26. Rc1 a4 27. Rxc8 Rxc8 28. Bd5 Be6 29. Bxe6 fxe6 30. f4 Kf7 31. Be5 Rc5 32. Rc1 Rd5 33. Rc7+ Ke8 1-0

[Event "EU-ch 11th"]
[Site "Rijeka"]
[Date "2010.03.12"]
[Round "7"]
[White "Cabrijan, Ivan"]
[Black "Dujic, Davor"]
[Result "0-1"]
[WhiteElo "1811"]
[BlackElo "1598"]
[PlyCount "207"]
[EventDate "2010.03.06"]
[EventType "swiss"]
[EventRounds "11"]
[EventCountry "CRO"]
[SourceTitle "CBM 136"]
[Source "ChessBase"]
[SourceDate "2010.05.18"]
[SourceVersion "1"]
[SourceVersionDate "2010.05.18"]
[SourceQuality "1"]

1. e4 b6 2. d4 Bb7 3. d5 Nf6 4. Nc3 c6 5. Bc4 d6 6. a4 Nbd7 7. Nge2 cxd5 8. exd5 g6 9. 0-0 Bg7 10. Ng3 0-0 11. Bg5 Rc8 12. Ba2 h6 13. Be3 Re8 14. Qd2 Kh7 15. Rab1 Ne5 16. h3 Ba6 17. Rfd1 Bc4 18. b3 Ba6 19. Nge4 Nxe4 20. Nxe4 f5 21. Ng3 Qc7 22. c4 Rb8 23. Ne2 Bc8 24. Rbc1 Rf8 25. Bd4 Bd7 26. Bb1 g5 27. f4 Nf7 28. Bxg7 Kxg7 29. Ng3 Kg6 30. Qe2 Qc8 31. Qh5+ Kg7 32. Qf3 a6 33. Qd3 Nh8 34. Re1 Ng6 35. Qd4+ Kh7 36. fxg5 hxg5 37. Qd1 Kg7 38. Qd3 Ne5 39. Qd1 Rh8 40. Qd2 Kg6 41. Rf1 Qc5+ 42. Qf2 Rbf8 43. Qxc5 bxc5 44. Rf2 Rf7 45. Rcf1 Rhf8 46. Ne2 Kg7 47. Bc2 f4 48. Nc3 g4 49. Ne4 Kh6 50. h4 g3 51. Rd2 Kh5 52. Ng5 Rg7 53. Nf3 Ng4 54. Rb1 a5 55. Bd3 Bf5 56. Bxf5 Rxf5 57. Ng5 Kxh4 58. Ne6 Rg8 59. Re2 Ne3 60. Nxf4 Rxf4 61. Rxe3 Rg7 62. Rbe1 Rd4 63. Re4+ Rxe4 64. Rxe4+ Kg5 65. Re3 Kf4 66. Rf3+ Ke4 67. Kf1 Kd4 68. Ke2 Ke4 69. Rf8 Rh7 70. Rf3 Rg7 71. Rf8 Rh7 72. Rg8 Kf4 73. Rf8+ Ke4 74. Re8 Rf7 75. Ke1 Ke3 76. Rg8 Kf4 77. Ke2 Rf5 78. Kd3 Re5 79. Rf8+ Kg5 80. Rf3 Kg4 81. Rf7 Kg5 82. Kd2 Re4 83. Rf3 Kg4 84. Kd3 Re1 85. Re3 Rd1+ 86. Ke2 Rg1 87. Re4+ Kf5 88. Rxe7 Rxg2+ 89. Kf3 Rg1 90. Re6 Rb1 91. Rxd6 Rxb3+ 92. Kg2 Rb4 93. Rc6 Rxc4 94. Rc8 Ke5 95. Rd8 Rd4 96. Kxg3 Rxa4 97. Kf3 Rd4 98. Ke3 a4 99. Ra8 Kxd5 100. Rxa4 Kc6 101. Ke2 Kb6 102. Ra8 Kb5 103. Rh8 Kb4 104. Rh1 0-1

[Event "EU-ch 11th"]
[Site "Rijeka"]
[Date "2010.03.09"]
[Round "4"]
[White "Nastic, Milorad"]
[Black "Cabrijan, Ivan"]
[Result "1/2-1/2"]
[WhiteElo "2009"]
[BlackElo "1811"]
[PlyCount "132"]
[EventDate "2010.03.06"]
[EventType "swiss"]
[EventRounds "11"]
[EventCountry "CRO"]
[SourceTitle "CBM 136"]
[Source "ChessBase"]
[SourceDate "2010.05.18"]
[SourceVersion "1"]
[SourceVersionDate "2010.05.18"]
[SourceQuality "1"]

1. e4 e5 2. Nf3 Nc6 3. Bb5 d6 4. 0-0 Bg4 5. h3 Bh5 6. Re1 Be7 7. c3 Nf6 8. d4 0-0 9. Bxc6 bxc6 10. dxe5 Bxf3 11. Qxf3 dxe5 12. Rd1 Qc8 13. Bg5 Qe6 14. Nd2 c5 15. b3 Bd6 16. Bxf6 gxf6 17. Nc4 Kh8 18. Rd3 Rg8 19. Rad1 Rad8 20. Ne3 Rg6 21. Qf5 Rdg8 22. g4 Rg5 23. Qf3 h5 24. Kf1 hxg4 25. hxg4 Kg7 26. Nf5+ Kf8 27. Rxd6 cxd6 28. Rxd6 Rxf5 29. Qd1 Rxf2+ 30. Kxf2 Qe7 31. Kf3 Kg7 32. Rd7 Qe8 33. Qd5 Rh8 34. Kg3 Rh1 35. Rd8 Qe7 36. Qd6 Qxd6 37. Rxd6 Ra1 38. Ra6 Rc1 39. c4 Rc3+ 40. Kf2 Kg6 41. Rxa7 Kg5 42. Rxf7 Rc2+ 43. Ke3 Rxa2 44. Rg7+ Kh6 45. Rg8 Rb2 46. Rb8 Kg5 47. Kd3 Kxg4 48. Kc3 Rb1 49. Kc2 Re1 50. Rg8+ Kf4 51. Rf8 Kxe4 52. Rxf6 Re2+ 53. Kc3 Re3+ 54. Kb2 Re2+ 55. Ka3 Kd4 56. Ka4 e4 57. Rd6+ Kc3 58. Re6 e3 59. Re5 Ra2+ 60. Kb5 e2 61. Re3+ Kd4 62. Re8 Rb2 63. Rd8+ Kc3 64. Re8 Rxb3+ 65. Kxc5 Kd2 66. Rxe2+ Kxe2 1/2-1/2

[Event "Rijeka op"]
[Site "Rijeka"]
[Date "2007.11.29"]
[Round "6"]
[White "Cabrijan, Ivan"]
[Black "Poropat, Marijan"]
[Result "0-1"]
[WhiteElo "1846"]
[BlackElo "2120"]
[PlyCount "100"]
[EventDate "2007.11.25"]
[EventType "swiss"]
[EventRounds "9"]
[EventCountry "CRO"]
[SourceTitle "CBM 121 Extra"]
[Source "ChessBase"]
[SourceDate "2008.01.10"]
[SourceVersion "1"]
[SourceVersionDate "2008.01.10"]
[SourceQuality "1"]

1. e4 d6 2. Nf3 Nf6 3. Nc3 g6 4. Bc4 Nc6 5. d4 Bg7 6. h3 0-0 7. a3 Nxe4 8. Nxe4 d5 9. Ng3 dxc4 10. c3 Be6 11. 0-0 Bd5 12. Re1 Qd7 13. Ne4 b6 14. Bf4 Qf5 15. Bg3 Bxe4 16. Nh4 Qd5 17. Qe2 Bd3 18. Qe3 Qd7 19. Nf3 Rad8 20. b4 e6 21. a4 Ne7 22. Bf4 Nd5 23. Qd2 Nxf4 24. Qxf4 Qd6 25. Qh4 h6 26. Ne5 g5 27. Qh5 Bh7 28. b5 Qd5 29. h4 f6 30. Nc6 Rde8 31. Qg4 f5 32. Qg3 f4 33. Qg4 Qf5 34. Qe2 gxh4 35. Qxc4 h3 36. Ne5 Bxe5 37. Rxe5 Qg4 38. Qc6 Qxg2+ 39. Qxg2+ hxg2 40. Kxg2 Rf5 41. Ree1 e5 42. f3 Rg5+ 43. Kf2 e4 44. fxe4 Bxe4 45. Rg1 Kf7 46. a5 Rxb5 47. axb6 Rb2+ 48. Ke1 Bf3+ 49. Kf1 axb6 50. c4 Ree2 0-1

[Event "Rijeka op"]
[Site "Rijeka"]
[Date "2007.11.27"]
[Round "4"]
[White "Cabrijan, Ivan"]
[Black "Juranic, Bruno"]
[Result "0-1"]
[WhiteElo "1846"]
[BlackElo "2120"]
[PlyCount "106"]
[EventDate "2007.11.25"]
[EventType "swiss"]
[EventRounds "9"]
[EventCountry "CRO"]
[SourceTitle "CBM 121 Extra"]
[Source "ChessBase"]
[SourceDate "2008.01.10"]
[SourceVersion "1"]
[SourceVersionDate "2008.01.10"]
[SourceQuality "1"]

1. e4 c5 2. Nf3 a6 3. c3 e6 4. d4 d5 5. e5 Bd7 6. Bd3 cxd4 7. cxd4 Bb5 8. 0-0 Nc6 9. Bxb5 axb5 10. Nbd2 Nge7 11. Nb3 Nf5 12. Be3 b4 13. Qd3 Qb6 14. Rfc1 Be7 15. h3 Nxe3 16. fxe3 0-0 17. Kh2 Ra7 18. Rf1 Rfa8 19. Nc1 Ra6 20. b3 Na7 21. Nd2 Nb5 22. Nb1 Qa5 23. Qe2 Nc3 24. Nxc3 bxc3 25. a4 Qc7 26. Qc2 b5 27. Nd3 bxa4 28. b4 Qc4 29. Nc5 Rb6 30. Qf2 f5 31. exf6 Bxf6 32. Nd7 Qc7+ 33. Ne5 Bxe5+ 34. dxe5 Qxe5+ 35. Kh1 Qf5 36. Qg3 Qg6 37. Qf4 Rb7 38. Rxa4 Rc8 39. Qd6 c2 40. Raa1 Rf7 41. Rg1 Rf2 42. Rac1 Rcf8 43. Qc7 Qd3 44. Qc5 Rf1 45. Rxc2 Qd1 46. Rxf1 Rxf1+ 47. Kh2 h6 48. Qc3 h5 49. Rb2 h4 50. Qc8+ Kh7 51. Qd7 Kg6 52. Qxe6+ Kh7 53. g3 Rh1+ 0-1